000 00668nam a2200205Ia 4500
003 GCL
008 140319s9999 xx 000 0 ara d
040 _aGCL /
_cGCL
082 0 4 _a811.4
_bن د
100 1 _aابونواس، ابوعلى الحسن بن هانىء، 762-812م
245 1 0 _aديوان ابى نواس /
_cابونواس، ابوعلى الحسن بن هانىء، 762-812م
260 _a[S.N] :
_bدار صادر
300 _a717 ص
490 _a
650 0 4 _aالشعر العربى
650 0 4 _aالادب العربى
650 0 4 _aدواوين وقصائد
650 0 4 _aابونواس، الحسن بن هانى
942 _2ddc
_cBK
999 _c33192
_d33192